101 cách chống mất ngủ

Sách chỉ cho chúng ta những phương pháp giúp dễ ngủ rất hiệu quả và đơn giản mà bất kỳ ai, lứa tuổi nào cũng có thể tập được.

Uloženo v:
Podrobná bibliografie
Hlavní autor: Lê, Nhất Phương
Médium: Kniha
Jazyk:Undetermined
Vydáno: Hà Nội Phụ Nữ 2006
Témata:
Tagy: Přidat tag
Žádné tagy, Buďte první, kdo otaguje tento záznam!
Thư viện lưu trữ: Trung tâm Học liệu Trường Đại học Cần Thơ
LEADER 00783nam a2200217Ia 4500
001 CTU_112641
008 210402s9999 xx 000 0 und d
020 |c 14000 
082 |a 613.79 
082 |b Ph561 
100 |a Lê, Nhất Phương 
245 0 |a 101 cách chống mất ngủ 
245 0 |c Lê Nhất Phương 
260 |a Hà Nội 
260 |b Phụ Nữ 
260 |c 2006 
520 |a Sách chỉ cho chúng ta những phương pháp giúp dễ ngủ rất hiệu quả và đơn giản mà bất kỳ ai, lứa tuổi nào cũng có thể tập được. 
650 |a Sleep,Physical fitness 
650 |x Physiological aspects 
904 |i Minh 
980 |a Trung tâm Học liệu Trường Đại học Cần Thơ